Southville International School and Colleges
Your cart is empty.
  • Cart
  • Lists
    Public lists Eva Luna New books Lux_list list_1
    Your lists Log in to create your own lists
  • Log in to your account
  • Your cookies
  • Search history
Southville International School and Colleges
  • Advanced search
  • Recent comments
  • Most popular
  • Libraries

Log in to your account

Log in with GOOGLE


If you do not have an external account, but do have a local account, you can still log in:

  1. Home
  2. MARC view: Say good night /
Normal view MARC view ISBD view

Say good night / (Record no. 112128)

[ view plain ]
MARC details
000 -LEADER
fixed length control field 00407nam a2200169 a 4500
001 - CONTROL NUMBER
control field 0585
005 - DATE AND TIME OF LATEST TRANSACTION
control field 20140414131928.0
008 - FIXED-LENGTH DATA ELEMENTS--GENERAL INFORMATION
fixed length control field 040201s19uu xx 00 eng d
020 ## - INTERNATIONAL STANDARD BOOK NUMBER
International Standard Book Number 0-394-85491-8
050 ## - LIBRARY OF CONGRESS CALL NUMBER
Classification number ER
Item number Sa1 1992
100 ## - MAIN ENTRY--PERSONAL NAME
Personal name Ross, Anna
245 ## - TITLE STATEMENT
Title Say good night /
Statement of responsibility, etc Anna Ross.
260 ## - PUBLICATION, DISTRIBUTION, ETC. (IMPRINT)
Place of publication, distribution, etc Italy :
Name of publisher, distributor, etc Random,
Date of publication, distribution, etc 1992.
300 ## - PHYSICAL DESCRIPTION
Extent p. ; cm.
440 ## - SERIES STATEMENT/ADDED ENTRY--TITLE
Title Sesame street
Holdings
Withdrawn status Lost status Damaged status Use restrictions Home library Current library Shelving location Date acquired Source of acquisition Total Checkouts Full call number Barcode Date last seen Price effective from Koha item type
        Munich Library Munich Library Easy Reading Section 02/01/2004     ER Sa1 1992 M3178 04/14/2014 04/14/2014 Books

Say good night /

APA

Ross A., . (1992). Say good night. Italy: Random.

Chicago

Ross Anna, . 1992. Say good night. Italy: Random.

Harvard

Ross A., . (1992). Say good night. Italy: Random.

MLA

Ross Anna, . Say good night. Italy: Random. 1992.

  • Place hold
  • Print
  • Cite
  • Add to your cart (remove)
  • Save record
    BIBTEX Dublin Core MARCXML MARC (non-Unicode/MARC-8) MARC (Unicode/UTF-8) MARC (Unicode/UTF-8, Standard) MODS (XML) RIS
  • More searches
    Search for this title in:
    Other Libraries (WorldCat) Other Databases (Google Scholar) Online Stores (Bookfinder.com) Open Library (openlibrary.org)

Exporting to Dublin Core...

SOUTHVILLE LIBRARY

Southville International School and Colleges Library

1281 Tropical Ave. Cor. Luxembourg St., BF Homes International, Las Pinas City

Tel. No. 8256374 / 252358 Loc. 117/146

Powered by Koha